000 00925cab a2200277 4500
001 ABS56856
008 090401t1997 xxu||||| |||| 00| 0 eng d
035 _a(Sirsi) u77948
041 _aeng
100 _aPawlowski, M.
245 _aMixed business and residential use
260 _c1997
350 _a0
490 _aRent Review & Lease Renewal
_v17(1) 1997, 7-13(7)
520 _aUses case law to explain the various issues concerning mixed business and residential use. Concludes that it is not always to the tenant`s advantage to argue his tenancy falls within residential protection.
650 _aABERNETHIE V KLEIMAN
650 _aGIDDEN V MILLS
650 _aHOUSING ACT 1988
650 _aLANDLORD AND TENANT ACT 1954 PT II
650 _aLEWIS V WELDCREST
650 _aMIXED USE
650 _aWEBB V BARNETT LBC
690 _aPROPERTY-LANDLORD AND TENANT
942 _n0
948 _c25/04/1997
999 _c49019
_d49019